La conversión de la Magdalena / (Record n. 10986)
[ formato base ]
| 000 -LEADER | |
|---|---|
| fixed length control field | 00753nam a22002171i 4500 |
| 003 - CONTROL NUMBER IDENTIFIER | |
| control field | IT-RoINE |
| 005 - DATE AND TIME OF LATEST TRANSACTION | |
| control field | 20190131092304.0 |
| 008 - FIXED-LENGTH DATA ELEMENTS--GENERAL INFORMATION | |
| fixed length control field | 920725s1957 sp r |dspa d |
| 100 1# - MAIN ENTRY--PERSONAL NAME | |
| Personal name | Malón de Chaide, Pedro, |
| 9 (RLIN) | 16519 |
| Dates associated with a name | 1530-1589 |
| 245 13 - TITLE STATEMENT | |
| Title | La conversión de la Magdalena / |
| Statement of responsibility, etc | Malón de Chaide ; prólogo y notas del P. Félix García, agustino. |
| 250 ## - EDITION STATEMENT | |
| Edition statement | 3ª ed. |
| 260 ## - PUBLICATION, DISTRIBUTION, ETC. (IMPRINT) | |
| Place of publication, distribution, etc | Madrid : |
| Name of publisher, distributor, etc | Espasa-Calpe, |
| Date of publication, distribution, etc | 1957. |
| 300 ## - PHYSICAL DESCRIPTION | |
| Extent | 3 v. ; |
| Dimensions | 19 cm. |
| 336 ## - CONTENT TYPE | |
| Source | rdacontent |
| Content type term | text |
| 337 ## - MEDIA TYPE | |
| Source | rdamedia |
| Media type term | unmediated |
| 338 ## - CARRIER TYPE | |
| Source | rdacarrier |
| Carrier type term | volume |
| 490 1# - SERIES STATEMENT | |
| Series statement | Clásicos castellanos ; |
| Volume number/sequential designation | 104-105 y 130 |
| 700 1# - ADDED ENTRY--PERSONAL NAME | |
| 9 (RLIN) | 1744 |
| Personal name | García, Félix, |
| Titles and other words associated with a name | O.S.A., |
| Dates associated with a name | 1897-1983 |
| 830 #0 - SERIES ADDED ENTRY--UNIFORM TITLE | |
| Uniform title | Clásicos castellanos (Espasa-Calpe) |
| Volume number/sequential designation | 104-105 y 130 |
| 9 (RLIN) | 22520 |
| 942 ## - ADDED ENTRY ELEMENTS (KOHA) | |
| Item type | Monografías |
| Withdrawn status | Lost status | Damaged status | Not for loan | Home library | Current library | Date acquired | Total Checkouts | Full call number | Barcode | Date last seen | Price effective from | Koha item type | Public note |
|---|---|---|---|---|---|---|---|---|---|---|---|---|---|
| Iglesia Nacional Española en Roma | Iglesia Nacional Española en Roma | 16/02/2016 | COL.A 31.105 bis | 19629 | 16/02/2016 | 16/02/2016 | Monografías | v. 2 |